Timber : elementary discussion of characteristics and properties of wood.

Bibliographic Details
Other Authors: Roth, Filibert
Format: Government Document eBook
Language:English
Published: [Washington, D.C.] : U.S. Government Printing Office, 1895.
Series:Forest Service Bull. No. 10
Subjects:
Online Access:Connect to the full text of this electronic document

MARC

Tag First Indicator Second Indicator Subfields
LEADER 00000cam a22000001a 4500
001 in00003637745
005 20190408171746.0
006 m o d f
007 cr bn mmmapmmp
008 011112s1895 dcu o f001 0 eng d
035 |a ebd1909401541 
040 |a UMI  |c UMI  |d UtOrBLW 
086 0 |a A 13.3:10 
099 |a A1303-10 
245 0 0 |a Timber :  |b elementary discussion of characteristics and properties of wood. 
264 1 |a [Washington, D.C.] :  |b U.S. Government Printing Office,  |c 1895. 
300 |a 1 online resource (88 pages) 
336 |a text  |b txt  |2 rdacontent 
337 |a computer  |b c  |2 rdamedia 
338 |a online resource  |b cr  |2 rdacarrier 
490 0 |a Forest Service Bull. No. 10 
500 |a [With some data on physical properties and durability, by type of wood; and list of domestic trees, with characteristics] 
500 |a Includes index. 
500 |a Record is based on bibliographic data in ProQuest U.S. Executive Branch Documents, 1789-1909. Reuse except for individual research requires license from ProQuest, LLC. 
533 |a Electronic reproduction.  |b [Bethesda, Md.] :  |c ProQuest,  |d 2012.  |e digital, PDF file.  |n ProQuest U.S. Executive Branch Documents, 1789-1909.  |n Mode of access: World Wide Web via ProQuest website. 
538 |a System requirements: PDF reader software. 
500 |a Electronic resource. 
650 0 |a Timber.  |0 http://id.loc.gov/authorities/subjects/sh85135386 
655 7 |a Electronic books.  |2 local 
700 1 |a Roth, Filibert. 
776 1 8 |i Microfiche version:  |t Timber  |o CIS US Exec MF A1303-10  |w (ProQuest)cis19042390 
856 4 0 |u http://proxy.library.tamu.edu/login?url=http://congressional.proquest.com/congressional/docview/t66.d71.a1303-10  |z Connect to the full text of this electronic document  |t 0 
999 f f |s 49b56d64-9a11-35c8-8e39-fab1be56ce5c  |i 502173c8-e6eb-3c7f-9880-b75734ab4a2a  |t 0 
952 f f |a Texas A&M University  |b College Station  |c Electronic Resources  |d Available Online  |t 0  |h No information provided 
998 f f |t 0  |l Available Online